| 000 | 00404nam a2200169Ia 4500 | ||
|---|---|---|---|
| 001 | 23729 | ||
| 005 | 20260414150956.0 | ||
| 008 | 260414t1992||||xx |||||||||||||| ||spa|| | ||
| 041 | _aESP | ||
| 082 |
_a700.1 _b73 |
||
| 100 |
_aOrtega y Gasset, José _eAUT |
||
| 245 | 0 |
_aLa deshumanización del arte texto impreso _b |
|
| 260 | _c1992 | ||
| 650 | _aABD | ||
| 654 | _aCAU | ||
| 942 |
_cLIB _dJUS _fJUS _2ddc _n |
||
| 999 |
_c23729 _d23729 |
||